000 00647nam a2200241Ia 4500
005 20260430150446.0
008 008 250103s9999 xx 000 0 eng d
037 _aTheses
040 _aCRL
040 _beng
040 _ceng
041 _2eng
041 _aeng
084 _qCRL
100 _aPanchal Anu Au.; Pradeep Kumar Gu.
_91237562
245 4 _aThe Mahabodhi Temple Controversy: Contours of the Struggle for Possession and Ownership
260 _c2022
300 _a167p.
650 _aBuddhism
700 _aUniversity of Delhi. Faculty of Arts. Deptt. of Buddhist Studies
942 _cTH
999 _c1849828
_d1849828